000
00494nam a2200181Ia 4500
008
100917s9999 xx 000 0 und d
082
_b
42352
100
_a
बोराडे रा. रं.
245
_a
पिकल पान
260
_b
मेहता पब्लिशिंग हाऊस
_c
---
300
_a
48
365
_b
6
520
_a
नाटक
630
_a
पिकल पान
650
_a
नाटक
730
_a
पिकल पान
942
_c
BOOK
999
_c
647746
_d
647743